000 00457nmm a2200169Ia 4500
008 251105s9999||||xx |||||||||||||||||und||
020 _a9788446046707
041 _aspa
100 _aGauguin, Paul
245 0 _aEscritos de un salvaje
264 _a[Madrid, España] :
_bAkal,
_c2008
300 _a278 páginas
490 _aBásica de Bolsillo
650 _aFrench narrative
856 _uhttps://public.digitaliapublishing.com/a/55208
942 _cCF
999 _c83148
_d83148